Political participation in rural China /

Bibliographic Details
Main Author: Burns, John P.
Format: Book
Language:English
Published: Berkeley : University of California Press, [1988]
Subjects:

MARC

Tag First Indicator Second Indicator Subfields
LEADER 00000cam a22000008a 4500
001 in00000030962
005 20151007054918.0
008 870428s1988 cau b s00110 eng
010 |a  87012463  
020 |a 0520060059 (alk. paper) 
035 |a (OCoLC)15790215 
035 |9 AAB6625AM 
040 |a DLC  |c DLC  |d m/c  |d TXA  |d UtOrBLW 
043 |a a-ch--- 
049 |a TXAM  |c [A11111340] 
050 0 0 |a JS7357.A15  |b B87 1988 
082 0 |a 324.951/05  |2 19 
100 1 |a Burns, John P. 
245 1 0 |a Political participation in rural China /  |c John P. Burns. 
263 |a 8806 
264 1 |a Berkeley :  |b University of California Press,  |c [1988] 
264 4 |c ©1988 
300 |a xii, 283 pages 
336 |a text  |b txt  |2 rdacontent 
337 |a unmediated  |b n  |2 rdamedia 
338 |a volume  |b nc  |2 rdacarrier 
504 |a Bibliography: pages 257-276. 
500 |a Includes index. 
500 |a Sposored by the Center for Chinese Studies, University of California, Berkeley. 
650 0 |a Local government  |z China  |x History  |y 20th century. 
650 0 |a Villages  |z China  |x History  |y 20th century. 
650 0 |a Political participation  |z China  |x History  |y 20th century. 
999 |a MARS 
999 f f |s c7cbea35-7579-3b23-9494-f00a70db5cf7  |i e18fc4b8-ea76-3d8d-b6f6-c50b6d99c559  |t 0 
952 f f |p ric  |a Texas A&M University  |b Rellis Campus  |c Joint Library Facility  |d Remote Storage  |t 0  |e JS7357.A15 B87 1988  |h Library of Congress classification  |i unmediated -- volume  |m A14811111340 
998 f f |a JS7357.A15 B87 1988  |t 0  |l Remote Storage